Společenská odpovědnost firmy a spotřebitel

Proces globalizácie, hospodárska kríza a spotrebiteľ. Spoločenská zodpovednosť v teórii a praxi. Spoločenská zodpovednosť a podnikanie v Českej republike.

Gespeichert in:
Bibliographische Detailangaben
1. Verfasser: Regnerová, Marta
Weitere Verfasser: Hes, Aleš
Format: Buchkapitel
Sprache:Tschechisch
Schlagworte:
Tags: Tag hinzufügen
Keine Tags, Fügen Sie das erste Tag hinzu!

MARC

LEADER 00000nla a2200000 4500
001 0152783
005 20220718113712.8
041 0 |a cze 
044 |a CZ 
245 1 0 |a Společenská odpovědnost firmy a spotřebitel  |c Marta Regnerová, Aleš Hes 
520 |a Proces globalizácie, hospodárska kríza a spotrebiteľ. Spoločenská zodpovednosť v teórii a praxi. Spoločenská zodpovednosť a podnikanie v Českej republike. 
610 2 0 |a podnikanie zodpovedné 
610 2 0 |a spotrebitelia 
610 2 0 |a Česko 
610 2 0 |a etika podnikateľská 
610 2 0 |a zodpovednosť spoločenská 
100 1 |a Regnerová, Marta 
700 1 |a Hes, Aleš